Let him go 2020 / directed by Thomas, Bezucha ; written by Thomas, Bezucha ; produced by Paula, Mazur, Mitchell, Kaplan, Thomas, Bezucha. (Record no. 20965)

000 -LEADER
fixed length control field 01020nam a2200265 4500
008 - FIXED-LENGTH DATA ELEMENTS--GENERAL INFORMATION
fixed length control field 250528b xxu||||| |||| 00| 0 eng d
040 ## - CATALOGING SOURCE
Original cataloging agency Cagayan State University
Description conventions RDA
082 ## - DEWEY DECIMAL CLASSIFICATION NUMBER
Classification number 791.4372
Item number L645 2020
245 ## - TITLE STATEMENT
Title Let him go 2020 / directed by Thomas, Bezucha ; written by Thomas, Bezucha ; produced by Paula, Mazur, Mitchell, Kaplan, Thomas, Bezucha.
260 ## - PUBLICATION, DISTRIBUTION, ETC. (IMPRINT)
Place of publication, distribution, etc United States :
Name of publisher, distributor, etc The Mazur Kaplan Company,
Date of publication, distribution, etc 2020
300 ## - PHYSICAL DESCRIPTION
Extent 1 videofile (ca. 114 mins.)
Other physical details sound, color.
520 ## - SUMMARY, ETC.
Summary, etc A retired sheriff and his wife, grieving over the death of their son, set out to find their only grandson.
650 ## - SUBJECT ADDED ENTRY--TOPICAL TERM
Topical term or geographic name as entry element Drama.
650 ## - SUBJECT ADDED ENTRY--TOPICAL TERM
Topical term or geographic name as entry element Thriller.
700 ## - ADDED ENTRY--PERSONAL NAME
Personal name Lane, Diane, star.
700 ## - ADDED ENTRY--PERSONAL NAME
Personal name Costner, Kevin, star.
700 ## - ADDED ENTRY--PERSONAL NAME
Personal name Manville, Lesley, star.
700 ## - ADDED ENTRY--PERSONAL NAME
Personal name Carter, Kayli, star.
700 ## - ADDED ENTRY--PERSONAL NAME
Personal name Brittain, Will, star.
700 ## - ADDED ENTRY--PERSONAL NAME
Personal name Donovan, Jeffrey, star.
700 ## - ADDED ENTRY--PERSONAL NAME
Personal name Godfree, Guy, cinematographer.
700 ## - ADDED ENTRY--PERSONAL NAME
Personal name Ford, Jeffrey, editor.
700 ## - ADDED ENTRY--PERSONAL NAME
Personal name Reticker, Meg, editor.
942 ## - ADDED ENTRY ELEMENTS (KOHA)
Source of classification or shelving scheme
Item type Audio-Visual Materials
Holdings
Source of acquisition Price effective from Permanent location Date last seen Not for loan Date acquired Source of classification or shelving scheme Koha item type Collection code Shelving location Damaged status Lost status Withdrawn status Current location Full call number
Donation2025-05-28Cagayan State University - Carig Library2025-05-28 2025-05-28 Audio-Visual MaterialsElectronic Media CenterElectronic Media Center   Cagayan State University - Carig Library791.4372 L645 2020

Cagayan State University University Library, Carig Campus
Tuguegarao City, Cagayan 3500 | www.csucarig.edu.ph

Powered by Koha